000 00367nam a2200157 a 4500
001 1761392451748
003 ACL
005 20251025171310.0
008 251025s2025##################000#0#eng##
020 _a9788189975128
082 0 4 _a658.84
_bDUP
100 1 _aVarious,
_eauthor.
245 1 0 _a1001 Advertising Tips :
942 _cENGLISH
040 _aACL
_beng
_cACL
999 _c593859
_d593859